000 00406nam a2200181Ia 4500
001 963
005 20260306140557.0
008 260306t2004||||xx |||||||||||||| ||spa||
041 _aESP
082 _a174.4
_bS29
100 _aSchmidt, Eduardo
_eAUT
245 0 _aÉtica y negocios para América Latina
260 _c2004
300 _a
_c
650 _aGEN
654 _aCHU
942 _cLIB
_dJUS
_fJUS
_2ddc
_n
999 _c963
_d963